Estadísticas para Victorias Fernando Alonso

Haz click aquí para intentar la prueba.

Estadísticas generales

  • Esta prueba ha sido intentada 25 veces
  • La puntuación promedio es 19 de 32

Estadísticas de respuestas

VictoriaGran Peremio% Correcto
29Europa 2012
79%
32España 2013
74%
12Mónaco 2006
74%
1Hungría 2003
68%
19Italia 2007
68%
24Italia 2010
68%
15Japón 2006
68%
4San Marino 2005
68%
10Australia 2006
63%
11España 2006
63%
17Monaco2007
63%
25Singapur 2010
63%
7Alemania 2005
58%
30Alemania 2012
58%
3Baréin 2005
58%
22Baréin 2010
58%
31China 2013
58%
6Francia 2005
58%
27Gran Bretaña 2011
58%
2Malasia 2005
58%
16Malasia 2007
58%
28Malasia 2012
58%
20Singapur 2008
58%
23Alemania 2010
53%
9Baréin 2006
53%
8China 2005
53%
21Japón 2008
53%
13Gran Bretaña 2006
47%
18Europa 2007
42%
14Canadá 2006
37%
26Corea del Sur 2010
37%
5Europa 2005
32%

Distribución de puntuación

Porcentaje por número respondido

Porcentaje de gente con cada puntuación

Historial de tus puntuaciones

No has intentado esta prueba.